Harry Potter Last Names - Statistics

General Stats
  • This quiz has been taken 64 times
  • The average score is 14 of 15
Answer Stats
First Name Answer/Last Name % Correct
Albus Dumbledore
100%
Hermione Granger
100%
Neville Longbottom
100%
Harry Potter
100%
Ronald Weasley
100%
Ginevra Weasley
100%
Cho Chang
98%
Luna Lovegood
98%
Cedric Diggory
95%
Alastor Moody
95%
Nymphadora Tonks
93%
Fleur Delacour
91%
Seamus Finnigan
91%
Minerva McGonagall
91%
Dean Thomas
85%
No matching quizzes found
Score Distribution
Percent of People with Each Score
Percentile by Number Answered
Your Score History
You have not taken this quiz